Countries that border DRC - Statistics

General Stats
  • This quiz has been taken 16 times
  • The average score is 9 of 9
Answer Stats
Hint Answer % Correct
Country Angola
100%
Country Burundi
100%
Country Congo
100%
Country Rwanda
100%
Country Central African Republic
94%
Country South Sudan
94%
Country Tanzania
88%
Country Uganda
88%
Country Zambia
88%
No matching quizzes found
Score Distribution
Percent of People with Each Score
Percentile by Number Answered
Your Score History
You have not taken this quiz